000
00310nam a22001337a 4500
008
170911b xxu||||| |||| 00| 0 eng d
020
_a
0721671128
041
_a
eng
080
_a
52
100
_a
42
101
_a
AST
245
_a
ASTRONOMY: FROM THE EARTH TO THE UNIVERSE
_c
PASACHOFF,J,M
942
_2
udc
_c
BK
999
_c
27010
_d
27010